000
00331nam a2200145Ia 4500
008
221030s9999 xx 000 0 und d
041
_a
English
082
_a
105.23
_b
Ran
100
_a
S. C. Rangwala
245
0
_a
Engineering Materials
260
_b
Charotar Pub
_a
New Delhi
_c
2000
300
_a
539
650
_a
EE
942
_c
BK
999
_c
6855
_d
6855